000 00223nam a22000857a 4500
008 161020b xxu||||| |||| 00| 0 eng d
100 _9909
_aVerma.S.
245 _aCCE. Mathematics-X
260 _aNew Delhi
_bChand Publications
_c2012
999 _c3563
_d3563